Sports Quiz

Random Sports or Tennis Quiz

Tennis Grand Slam Winners (1990s) Quiz Stats

Quiz Updated Jul 8, 2013

Challenge
Share
Tweet
Embed
Score 0/80 Timer 05:00
15 Plays Today
% Correct
Pete Sampras
96.1%
Pete Sampras
96%
Pete Sampras
96%
Pete Sampras
96%
Pete Sampras
96%
Pete Sampras
96%
Pete Sampras
96%
Pete Sampras
96%
Pete Sampras
96%
Pete Sampras
96%
Pete Sampras
96%
Pete Sampras
96%
Andre Agassi
95.8%
Andre Agassi
95.8%
Andre Agassi
95.8%
Andre Agassi
95.8%
Andre Agassi
95.8%
Steffi Graf
87.8%
Steffi Graf
87.8%
Steffi Graf
87.8%
Steffi Graf
87.8%
Steffi Graf
87.8%
Steffi Graf
87.8%
Steffi Graf
87.8%
Steffi Graf
87.8%
Steffi Graf
87.8%
Steffi Graf
87.8%
Steffi Graf
87.8%
Steffi Graf
87.8%
Steffi Graf
87.8%
Steffi Graf
87.8%
Serena Williams
80.8%
Monica Seles
75.5%
Monica Seles
75.5%
Monica Seles
75.5%
Monica Seles
75.5%
Monica Seles
75.5%
Monica Seles
75.5%
Monica Seles
75.5%
Monica Seles
75.5%
% Correct
Monica Seles
75.5%
Boris Becker
72.4%
Boris Becker
72.4%
Martina Hingis
68.5%
Martina Hingis
68.5%
Martina Hingis
68.5%
Martina Hingis
68.5%
Martina Hingis
68.5%
Martina Navratilova
66.1%
Ivan Lendl
62%
Jim Courier
57.9%
Jim Courier
57.9%
Jim Courier
57.9%
Jim Courier
57.9%
Stefan Edberg
57.1%
Stefan Edberg
57.1%
Stefan Edberg
57.1%
Lindsay Davenport
54.7%
Lindsay Davenport
54.7%
Patrick Rafter
47%
Patrick Rafter
47%
Arantxa Sánchez Vicario
43.3%
Arantxa Sánchez Vicario
43.3%
Arantxa Sánchez Vicario
43.3%
Gustavo Kuerten
43.1%
Michael Stich
35%
Richard Krajicek
32.2%
Jana Novotná
30.6%
Yevgeny Kafelnikov
30%
Yevgeny Kafelnikov
30%
Gabriela Sabatini
29.7%
Carlos Moyà
28.8%
Conchita Martínez
28.7%
Mary Pierce
28.6%
Thomas Muster
26.3%
Sergi Bruguera
22.7%
Sergi Bruguera
22.7%
Petr Korda
18.4%
Andrés Gómez
16.6%
Iva Majoli
15.2%

You're not logged in!

Compare scores with friends on all Sporcle quizzes.
Join for Free
OR
Log In

You Might Also Like...

Show Comments

Extras

Top Quizzes Today


Score Distribution

Your Account Isn't Verified!

In order to create a playlist on Sporcle, you need to verify the email address you used during registration. Go to your Sporcle Settings to finish the process.

Report this User

Report this user for behavior that violates our Community Guidelines.

Details: